000 01004nam a22002417a 4500
003 OSt
005 20250918135704.0
008 240829b ||||| |||| 00| 0 eng d
040 _c0
082 _aDPer 647.94068 In821 2022 v. 23 n. 1-4
100 _aLee, Jinha.
_eauthor.
_959442
245 _aUnpacking the emotions behind TripAdvisor travel reviews :
_bthe case study of Gatlinburg, Tennessee /
_cJinha Lee, Stefanie Benjamin, and Michelle Childs.
260 _aUnited Kingdom ;
_bTaylor & Francis Group, LLC ,
_c2022.
300 _aVolume 23, pages 347-364 :
_billustration ;
_c26 cm.
500 _aInternational Journal of Hospitality & Tourism Administration, vol. 23, no. 2, pages 347-364, 2022.
650 0 _aTourist emotions.
_967808
650 0 _aTripAdvisor travel reviews.
_967810
650 0 _aTourism destination.
_967811
700 _aLee, Jinha.
_eauthor.
_959443
700 _aBenjamin, Stefanie.
_eauthor.
_959444
700 _aChilds, Michelle.
_eauthor.
_959445
942 _2ddc
_cPER
999 _c21060
_d21060